000 00722nam a2200193Ii 4500
003 JO-AjNU
008 230605s9999||||xx |||||||||||||| ||und||
040 _aJO-AjNU
_bara
_erda
_cJO-AjNU
041 _aara
050 1 4 _aDS153.A3.W37 1996
100 3 _aدائرة المطبوعات والنشر، عمان، الاردن,
_eauthor
_919464
245 0 0 _aالوقائع والوثائق الأردنية، الربع الاول، 1996/1
264 3 1 _aعمان: دائرة المطبوعات والنشر، 1996
300 _a374ص
336 _atext
_btxt
_2rdacontent
337 _aunmediated
_bn
_2rdamedia
338 _avolume
_bnc
_2rdacarrier
650 4 _aالاردن- وثائق تاريخية1995-تاريخ
_919465
999 _aA6428
_c9996
_d9996